[Event "HUN-chT2 Barcza 1819"]
[Site "Hungary"]
[Date "2019.01.27"]
[Round "6.4"]
[White "Molnar, Balazs"]
[Black "Adorjan, Attila"]
[Result "1/2-1/2"]
[WhiteElo "2130"]
[BlackElo "1951"]
[PlyCount "42"]
[EventDate "2018.09.23"]
[EventType "team-tourn"]
[EventRounds "11"]
[EventCountry "HUN"]
[SourceTitle "CBM 189 Extra"]
[Source "ChessBase"]
[SourceDate "2019.06.03"]
[SourceVersion "1"]
[SourceVersionDate "2019.06.03"]
[SourceQuality "1"]
[WhiteTeam "Hajduboszormeny"]
[BlackTeam "Debrecen Sakkiskola"]
[WhiteTeamCountry "HUN"]
[BlackTeamCountry "HUN"]

1. e4 Nf6 2. e5 Nd5 3. Nc3 Nxc3 4. bxc3 d5 5. d4 c5 6. Nf3 Bg4 7. Be2 e6 8. 0-0 Nc6 9. Be3 Be7 10. Rb1 Rb8 11. Qd2 0-0 12. Rfd1 a6 13. a4 c4 14. Ra1 Qc7 15. Bg5 Bxg5 16. Qxg5 Bf5 17. Qd2 f6 18. exf6 Rxf6 19. Nh4 Rh6 20. g3 Bh3 21. Qe3 Qf7 1/2-1/2

[Event "HUN-chT2 Barcza 1718"]
[Site "Hungary"]
[Date "2018.03.04"]
[Round "9.4"]
[White "Molnar, Balazs"]
[Black "Pal, Ferenc"]
[Result "1-0"]
[WhiteElo "2126"]
[BlackElo "2023"]
[PlyCount "111"]
[EventDate "2017.09.24"]
[EventType "team-tourn"]
[EventRounds "11"]
[EventCountry "HUN"]
[SourceTitle "EXT 2021"]
[Source "ChessBase"]
[SourceDate "2020.10.23"]
[SourceVersion "1"]
[SourceVersionDate "2020.10.23"]
[SourceQuality "1"]
[WhiteTeam "Hajduboszormeny"]
[BlackTeam "Hajduszoboszlo"]
[WhiteTeamCountry "HUN"]
[BlackTeamCountry "HUN"]

1. e4 c5 2. Nf3 Nc6 3. Nc3 e6 4. g3 Be7 5. Bg2 d6 6. d3 Nf6 7. 0-0 0-0 8. h3 Bd7 9. Be3 Qc8 10. Kh2 a6 11. a4 Rb8 12. Ne1 b5 13. axb5 axb5 14. f4 Qc7 15. g4 Ne8 16. Kg1 Bf6 17. e5 dxe5 18. Bxc5 Be7 19. Be3 exf4 20. Bxf4 Qb6+ 21. Kh1 Bd6 22. Bd2 Ne5 23. Ne4 Bc7 24. Bb4 Nd6 25. Bc5 Nxe4 26. Bxb6 Ng3+ 27. Kg1 Bxb6+ 28. d4 Nxf1 29. Bxf1 f5 30. g5 Bc6 31. Bg2 Rfd8 32. c3 Bxg2 33. Kxg2 Nc4 34. Qe2 Re8 35. Nd3 Bc7 36. Ra7 Re7 37. Nc5 Rbe8 38. Na6 Bf4 39. Rxe7 Rxe7 40. h4 e5 41. b3 Ne3+ 42. Kg1 exd4 43. cxd4 Rb7 44. Qf3 Re7 45. Qxf4 g6 46. Nb4 Ng4 47. Nd3 Re4 48. Qb8+ Kf7 49. Ne5+ Nxe5 50. dxe5 Rxh4 51. Qd6 Re4 52. Qf6+ Ke8 53. e6 Re1+ 54. Kf2 Rd1 55. Qf7+ Kd8 56. e7+ 1-0

[Event "HUN-chT2 Barcza 1718"]
[Site "Hungary"]
[Date "2018.01.28"]
[Round "7"]
[White "Molnar, Balazs"]
[Black "Ag, Norbert"]
[Result "0-1"]
[WhiteElo "2126"]
[BlackElo "2313"]
[PlyCount "76"]
[EventDate "2017.09.24"]
[EventType "team-tourn"]
[EventRounds "11"]
[EventCountry "HUN"]
[SourceTitle "EXT 2021"]
[Source "ChessBase"]
[SourceDate "2020.10.23"]
[SourceVersion "1"]
[SourceVersionDate "2020.10.23"]
[SourceQuality "1"]
[WhiteTeam "Hajduboszormeny"]
[BlackTeam "Lillafured DVTK II"]
[WhiteTeamCountry "HUN"]
[BlackTeamCountry "HUN"]

1. e4 c6 2. d4 d5 3. exd5 cxd5 4. c3 Nc6 5. Bf4 Nf6 6. h3 Bf5 7. Nf3 e6 8. Nbd2 h6 9. Qb3 Qc8 10. Bb5 Be7 11. Ne5 Nd7 12. Nxd7 Qxd7 13. Nf3 f6 14. 0-0 a6 15. Bxc6 Qxc6 16. Rfe1 0-0 17. Re3 Rfe8 18. Rae1 Bf8 19. Bh2 b5 20. Qd1 Bg6 21. Nh4 Bf7 22. Qg4 Kh7 23. Qe2 g5 24. Nf3 Kg8 25. Bg3 Qc4 26. Qxc4 bxc4 27. b3 cxb3 28. axb3 Rec8 29. Ra1 Rc6 30. Nd2 Rac8 31. Ra4 Rxc3 32. Rxc3 Rxc3 33. Rxa6 Rd3 34. Nf3 Rxb3 35. Kf1 Rb2 36. Ke1 Bb4+ 37. Kd1 Rb1+ 38. Kc2 Bg6# 0-1

[Event "HUN-chT2 Barcza 1718"]
[Site "Hungary"]
[Date "2017.10.29"]
[Round "3.4"]
[White "Molnar, Balazs"]
[Black "Forgacs, Jozsef"]
[Result "1/2-1/2"]
[WhiteElo "2126"]
[BlackElo "2204"]
[PlyCount "25"]
[EventDate "2017.09.24"]
[EventType "team-tourn"]
[EventRounds "11"]
[EventCountry "HUN"]
[SourceTitle "EXT 2021"]
[Source "ChessBase"]
[SourceDate "2020.10.23"]
[SourceVersion "1"]
[SourceVersionDate "2020.10.23"]
[SourceQuality "1"]
[WhiteTeam "Hajduboszormeny"]
[BlackTeam "Bajnok Sakkiskola"]
[WhiteTeamCountry "HUN"]
[BlackTeamCountry "HUN"]

1. e4 d5 2. Nc3 dxe4 3. Nxe4 Nf6 4. Nxf6+ gxf6 5. d4 Qd6 6. c3 e5 7. Be3 Nc6 8. Nf3 Bg4 9. dxe5 Qxd1+ 10. Rxd1 fxe5 11. Be2 f6 12. Nd2 Bxe2 13. Kxe2 1/2-1/2

[Event "HUN-chT2 Barcza 1617"]
[Site "Hungary"]
[Date "2017.04.09"]
[Round "11.4"]
[White "Szurovszky, Elek"]
[Black "Molnar, Balazs"]
[Result "1/2-1/2"]
[WhiteElo "2055"]
[BlackElo "2157"]
[PlyCount "28"]
[EventDate "2016.09.25"]
[EventType "team-tourn"]
[EventRounds "11"]
[EventCountry "HUN"]
[SourceTitle "EXT 2021"]
[Source "ChessBase"]
[SourceDate "2020.10.23"]
[SourceVersion "1"]
[SourceVersionDate "2020.10.23"]
[SourceQuality "1"]
[WhiteTeam "Miskolc Kisbocsok"]
[BlackTeam "Hajduboszormeny"]
[WhiteTeamCountry "HUN"]
[BlackTeamCountry "HUN"]

1. e4 c6 2. Nf3 d5 3. exd5 cxd5 4. Ne5 Nc6 5. Bb5 Qc7 6. d4 e6 7. 0-0 Bd6 8. Bf4 Nge7 9. Nxc6 bxc6 10. Bxd6 Qxd6 11. Bd3 0-0 12. c3 c5 13. dxc5 Qxc5 14. Nd2 Qb6 1/2-1/2

[Event "HUN-chT2 Barcza 1617"]
[Site "Hungary"]
[Date "2016.11.13"]
[Round "4.4"]
[White "Burinda, Gabor Jr"]
[Black "Molnar, Balazs"]
[Result "0-1"]
[WhiteElo "1974"]
[BlackElo "2157"]
[PlyCount "96"]
[EventDate "2016.09.25"]
[EventType "team-tourn"]
[EventRounds "11"]
[EventCountry "HUN"]
[SourceTitle "EXT 2021"]
[Source "ChessBase"]
[SourceDate "2020.10.23"]
[SourceVersion "1"]
[SourceVersionDate "2020.10.23"]
[SourceQuality "1"]
[WhiteTeam "Kazincbarcika"]
[BlackTeam "Hajduboszormeny"]
[WhiteTeamCountry "HUN"]
[BlackTeamCountry "HUN"]

1. Nf3 d5 2. g3 Nc6 3. d3 e5 4. Bg2 Nf6 5. 0-0 Be7 6. Bg5 Be6 7. Nbd2 0-0 8. e4 h6 9. exd5 Bxd5 10. Bxf6 Bxf6 11. Ne4 Be7 12. Nc3 Be6 13. Re1 Bd6 14. d4 exd4 15. Nxd4 Nxd4 16. Qxd4 Be7 17. Nb5 c6 18. Qxd8 Raxd8 19. Nc7 Rd2 20. Nxe6 fxe6 21. f4 Rxc2 22. Be4 Rxb2 23. Rab1 Bc5+ 24. Kh1 Rxb1 25. Rxb1 Bb6 26. Bg6 Rf6 27. Bc2 Kf8 28. Re1 Bc7 29. Bb3 Ke7 30. f5 e5 31. Be6 Rf8 32. Rb1 b6 33. Kg2 Rd8 34. h4 Rd4 35. Rb2 c5 36. Rc2 Kd6 37. Bf7 b5 38. Kf3 c4 39. a4 a6 40. axb5 axb5 41. Ke2 Kc5 42. Rd2 b4 43. Rxd4 exd4 44. g4 b3 45. Kd1 Bf4 46. g5 hxg5 47. hxg5 Bxg5 48. f6 gxf6 0-1

[Event "HUN-chT2 Barcza 1516"]
[Site "Hungary"]
[Date "2015.11.29"]
[Round "5.3"]
[White "Nagy, Tibor"]
[Black "Molnar, Balazs"]
[Result "1/2-1/2"]
[WhiteElo "1944"]
[BlackElo "2166"]
[PlyCount "34"]
[EventDate "2015.09.13"]
[EventType "team-tourn"]
[EventRounds "11"]
[EventCountry "HUN"]
[SourceTitle "CBM 170 Extra"]
[Source "ChessBase"]
[SourceDate "2016.02.25"]
[SourceVersion "1"]
[SourceVersionDate "2016.02.25"]
[SourceQuality "1"]
[WhiteTeam "Nadudvar"]
[BlackTeam "Hajduboszormeny"]
[WhiteTeamCountry "HUN"]
[BlackTeamCountry "HUN"]

1. Nf3 g6 2. g3 Bg7 3. Bg2 e5 4. d3 Ne7 5. 0-0 0-0 6. e4 d6 7. c3 h6 8. a4 a5 9. Na3 Be6 10. Be3 Nbc6 11. Nb5 Qd7 12. d4 Bg4 13. Qd2 Kh7 14. dxe5 Bxf3 15. Bxf3 Nxe5 16. Bg2 Nc4 17. Qe2 Nxe3 1/2-1/2

[Event "HUN-chT2 Maroczy 1415"]
[Site "Hungary"]
[Date "2015.03.01"]
[Round "7"]
[White "Molnar, Balazs"]
[Black "Brandics, Jozsef"]
[Result "1/2-1/2"]
[WhiteElo "2185"]
[BlackElo "2269"]
[PlyCount "21"]
[EventDate "2014.10.12"]
[EventType "team-tourn"]
[EventRounds "9"]
[EventCountry "HUN"]
[SourceTitle "EXT 2016"]
[Source "ChessBase"]
[SourceDate "2015.10.08"]
[SourceVersion "1"]
[SourceVersionDate "2015.10.08"]
[SourceQuality "1"]
[WhiteTeam "Hajduboszormeny"]
[BlackTeam "TLSE"]
[WhiteTeamCountry "HUN"]
[BlackTeamCountry "HUN"]

1. e4 Nc6 2. d4 d5 3. Nc3 a6 4. Bf4 dxe4 5. d5 Nb8 6. Nxe4 Bf5 7. Ng3 Bg6 8. Nf3 Nf6 9. c4 c6 10. Bxb8 Rxb8 11. dxc6 1/2-1/2

[Event "HUN-chT2 Maroczy 1415"]
[Site "Hungary"]
[Date "2014.11.16"]
[Round "2"]
[White "Urhegyi, Marton"]
[Black "Molnar, Balazs"]
[Result "0-1"]
[WhiteElo "2171"]
[BlackElo "2185"]
[PlyCount "90"]
[EventDate "2014.10.12"]
[EventType "team-tourn"]
[EventRounds "9"]
[EventCountry "HUN"]
[SourceTitle "EXT 2016"]
[Source "ChessBase"]
[SourceDate "2015.10.08"]
[SourceVersion "1"]
[SourceVersionDate "2015.10.08"]
[SourceQuality "1"]
[WhiteTeam "Kobanya Aquarena"]
[BlackTeam "Hajduboszormeny"]
[WhiteTeamCountry "HUN"]
[BlackTeamCountry "HUN"]

1. e4 d5 2. exd5 Qxd5 3. Nc3 Qa5 4. d4 Nf6 5. Nf3 Bf5 6. Bc4 e6 7. Bd2 c6 8. Qe2 Bb4 9. a3 Nbd7 10. 0-0 Bxc3 11. Bxc3 Qc7 12. Rfe1 0-0 13. Nh4 Be4 14. Bd2 h6 15. Bd3 Bxd3 16. Qxd3 Rad8 17. b4 Nb6 18. c3 Qd6 19. Qf3 Qd5 20. Qh3 Nc4 21. Bf4 Qh5 22. Be5 Ng4 23. Qg3 Ngxe5 24. dxe5 Rd5 25. Nf3 Rfd8 26. Qf4 b5 27. a4 a6 28. axb5 axb5 29. g4 Qg6 30. Nd4 Rc8 31. Ra6 Qd3 32. Nxc6 Rc7 33. Qg3 Qd2 34. Rea1 Rd3 35. Qg2 Qf4 36. Nd4 Nxe5 37. Re1 Rxd4 38. cxd4 Nf3+ 39. Kf1 Nxh2+ 40. Kg1 Nf3+ 41. Kf1 Nxe1 42. Rc6 Rxc6 43. Qxc6 Nd3 44. Qc8+ Kh7 45. Qc2 Qxd4 0-1

[Event "HUN-chT2 Maroczy 1415"]
[Site "Hungary"]
[Date "2014.10.12"]
[Round "1"]
[White "Toth, Levente"]
[Black "Molnar, Balazs"]
[Result "1/2-1/2"]
[WhiteElo "2107"]
[BlackElo "2185"]
[PlyCount "35"]
[EventDate "2014.10.12"]
[EventType "team-tourn"]
[EventRounds "9"]
[EventCountry "HUN"]
[SourceTitle "EXT 2016"]
[Source "ChessBase"]
[SourceDate "2015.10.08"]
[SourceVersion "1"]
[SourceVersionDate "2015.10.08"]
[SourceQuality "1"]
[WhiteTeam "Miskolc KisBocsok"]
[BlackTeam "Hajduboszormeny"]
[WhiteTeamCountry "HUN"]
[BlackTeamCountry "HUN"]

1. e4 d5 2. exd5 Qxd5 3. Nc3 Qa5 4. d4 Nf6 5. Bd2 c6 6. Bc4 Bf5 7. Nd5 Qd8 8. Nxf6+ exf6 9. c3 Bd6 10. Qf3 Bg6 11. 0-0-0 0-0 12. h4 Re8 13. Qh3 h5 14. Bd3 Bxd3 15. Qxd3 Qa5 16. Kb1 Nd7 17. Qf3 Qb5 18. b3 1/2-1/2

[Event "HUN-chT2 Maroczy 1314"]
[Site "Hungary"]
[Date "2013.09.08"]
[Round "1"]
[White "Molnar, Balazs"]
[Black "Ondok, Laszlo"]
[Result "1/2-1/2"]
[WhiteElo "2165"]
[BlackElo "2210"]
[PlyCount "23"]
[EventDate "2013.09.08"]
[EventType "team-tourn"]
[EventRounds "11"]
[EventCountry "HUN"]
[SourceTitle "EXT 2016"]
[Source "ChessBase"]
[SourceDate "2015.10.08"]
[SourceVersion "1"]
[SourceVersionDate "2015.10.08"]
[SourceQuality "1"]
[WhiteTeam "Hajduboszormeny"]
[BlackTeam "Kisujszallas"]
[WhiteTeamCountry "HUN"]
[BlackTeamCountry "HUN"]

1. e4 Nc6 2. Nc3 Nf6 3. d4 d5 4. e5 Nd7 5. Nce2 Nb6 6. Ng3 g6 7. c3 h5 8. h4 Bg4 9. Qc2 e6 10. Bg5 Be7 11. Bxe7 Nxe7 12. Bd3 1/2-1/2

[Event "HUN-chT2 Maroczy 1314"]
[Site "Hungary"]
[Date "2013.08.22"]
[Round "2"]
[White "Molnar, Balazs"]
[Black "Hardicsay, Peter"]
[Result "0-1"]
[WhiteElo "2165"]
[BlackElo "2248"]
[PlyCount "136"]
[EventDate "2013.09.08"]
[EventType "team-tourn"]
[EventRounds "11"]
[EventCountry "HUN"]
[SourceTitle "EXT 2016"]
[Source "ChessBase"]
[SourceDate "2015.10.08"]
[SourceVersion "1"]
[SourceVersionDate "2015.10.08"]
[SourceQuality "1"]
[WhiteTeam "Hajduboszormeny"]
[BlackTeam "Szigetszentmiklos"]
[WhiteTeamCountry "HUN"]
[BlackTeamCountry "HUN"]

1. e4 c5 2. g3 g6 3. Bg2 Bg7 4. Ne2 Nc6 5. c3 e5 6. 0-0 Nge7 7. d3 0-0 8. Be3 b6 9. d4 cxd4 10. cxd4 d5 11. Nbc3 Be6 12. exd5 Nxd5 13. Nxd5 Bxd5 14. dxe5 Bxg2 15. Qxd8 Rfxd8 16. Kxg2 Bxe5 17. Rab1 Nb4 18. a3 Nd5 19. Bd4 Bxd4 20. Nxd4 Nf4+ 21. gxf4 Rxd4 22. f5 gxf5 23. h3 Rad8 24. Rfc1 R8d6 25. Rc3 Kg7 26. Rbc1 Kf6 27. Rc7 Rd7 28. R1c6+ Kg5 29. Rc4 Kg6 30. R4c6+ f6 31. Rc4 Rd2 32. Rxd7 Rxd7 33. Rc3 Rd2 34. b3 Rd7 35. Rg3+ Kf7 36. Rc3 h6 37. Kg3 Kg6 38. Kg2 Re7 39. Rg3+ Kf7 40. Rf3 Re5 41. Rd3 a5 42. Rd6 Rb5 43. Rd3 Ke6 44. Kf3 Rc5 45. a4 b5 46. axb5 Rxb5 47. Kf4 Rb4+ 48. Ke3 Ke5 49. Rc3 Kd5 50. Rd3+ Ke5 51. Rc3 f4+ 52. Kd3 Rd4+ 53. Ke2 Kd5 54. Rc8 Rb4 55. Rc3 h5 56. Kd3 h4 57. Kc2 a4 58. bxa4 Rxa4 59. Kb3 Ra1 60. Rc8 Rh1 61. Rf8 Rxh3+ 62. Kc2 Rf3 63. Rxf6 Rxf2+ 64. Kd3 h3 65. Rf5+ Ke6 66. Rh5 h2 67. Ke4 Kf6 68. Rh8 Kg5 0-1

[Event "HUN-chT2 Barcza 1213"]
[Site "Hungary"]
[Date "2013.01.27"]
[Round "6.4"]
[White "Ligart, Tamas"]
[Black "Molnar, Balazs"]
[Result "0-1"]
[WhiteElo "2212"]
[BlackElo "2142"]
[PlyCount "34"]
[EventDate "2012.09.16"]
[EventType "team-tourn"]
[EventRounds "11"]
[EventCountry "HUN"]
[SourceTitle "EXT 2014"]
[Source "ChessBase"]
[SourceDate "2013.11.20"]
[SourceVersion "1"]
[SourceVersionDate "2013.11.20"]
[SourceQuality "1"]
[WhiteTeam "Edeleny"]
[BlackTeam "Hajduboszormeny"]
[WhiteTeamCountry "HUN"]
[BlackTeamCountry "HUN"]

1. e4 c5 2. b3 Nc6 3. Bb2 e6 4. Nf3 d6 5. d4 cxd4 6. Nxd4 Nf6 7. Bd3 Be7 8. 0-0 0-0 9. c4 Nd7 10. Qe2 Nxd4 11. Bxd4 Bf6 12. Bxf6 Qxf6 13. Nd2 b6 14. Kh1 Bb7 15. f4 Nc5 16. Bc2 Qb2 17. Bd3 Qc3 0-1

[Event "HUN-chT2 Barcza 1112 "]
[Site "Hungary"]
[Date "2011.10.30"]
[Round "2"]
[White "Kun, Imre"]
[Black "Molnar, Balazs"]
[Result "0-1"]
[WhiteElo "2009"]
[BlackElo "2157"]
[PlyCount "52"]
[EventDate "2011.09.25"]
[EventType "team-tourn"]
[EventRounds "11"]
[EventCountry "HUN"]
[SourceTitle "EXT 2013"]
[Source "ChessBase"]
[SourceDate "2012.11.22"]
[SourceVersion "1"]
[SourceVersionDate "2012.11.22"]
[SourceQuality "1"]
[WhiteTeam "Nadudvar"]
[BlackTeam "Hajduboszormeny"]
[WhiteTeamCountry "HUN"]
[BlackTeamCountry "HUN"]

1. d4 d5 2. Nf3 e6 3. e3 Bd6 4. c4 c6 5. Nc3 f5 6. Bd3 Nf6 7. Bd2 Nbd7 8. Qc2 Ne4 9. cxd5 exd5 10. Ne2 Ndf6 11. Ng3 0-0 12. 0-0 Ng4 13. Bc3 Qe7 14. Rae1 Rf6 15. Ne5 Nxh2 16. Bxe4 fxe4 17. f3 Nxf1 18. Rxf1 exf3 19. gxf3 Rh6 20. Rf2 Qg5 21. Rg2 Qxe3+ 22. Kf1 Bh3 23. Bd2 Qxd4 24. Bxh6 Bxe5 25. Ne2 Bxg2+ 26. Kxg2 Qxb2 0-1

[Event "HUN-chT2 Barcza 1011"]
[Site "Hungary"]
[Date "2010.10.24"]
[Round "4.5"]
[White "Molnar, Balazs"]
[Black "Nadasi, Endre"]
[Result "1-0"]
[WhiteElo "2164"]
[BlackElo "1966"]
[PlyCount "55"]
[EventDate "2010.09.12"]
[EventType "team-tourn"]
[EventRounds "11"]
[EventCountry "HUN"]
[SourceTitle "EXT 2012"]
[Source "ChessBase"]
[SourceDate "2011.11.24"]
[SourceVersion "1"]
[SourceVersionDate "2011.11.24"]
[SourceQuality "1"]
[WhiteTeam "Hajduboszormeny"]
[BlackTeam "Debrecen Betu"]
[WhiteTeamCountry "HUN"]
[BlackTeamCountry "HUN"]

1. e4 c5 2. Nc3 Nc6 3. g3 d6 4. Bg2 g6 5. d3 Bg7 6. f4 Nf6 7. Nf3 Bg4 8. h3 Bd7 9. 0-0 0-0 10. Be3 Nh5 11. g4 Nf6 12. Qd2 a6 13. f5 b5 14. Ne2 Rc8 15. Bh6 c4 16. a3 Na5 17. Ned4 Qb6 18. Kh1 Qc7 19. Qg5 Qc5 20. Qh4 Ne8 21. Bxg7 Kxg7 22. Qxe7 Rc7 23. Qh4 f6 24. g5 fxg5 25. Nxg5 Qxd4 26. Qxh7+ Kf6 27. fxg6+ Kxg5 28. Rxf8 1-0

[Event "HUN-chT2 Maroczy 0910"]
[Site "Hungary"]
[Date "2010.05.02"]
[Round "11"]
[White "Mihalka, Zsolt"]
[Black "Molnar, Balazs"]
[Result "1-0"]
[WhiteElo "2202"]
[BlackElo "2164"]
[PlyCount "67"]
[EventDate "2009.11.08"]
[EventType "team-tourn"]
[EventRounds "11"]
[EventCountry "HUN"]
[SourceTitle "EXT 2011"]
[Source "ChessBase"]
[SourceDate "2010.11.26"]
[SourceVersion "1"]
[SourceVersionDate "2010.11.26"]
[SourceQuality "1"]
[WhiteTeam "Penzugyor II"]
[BlackTeam "Hajduboszormeny"]
[WhiteTeamCountry "HUN"]
[BlackTeamCountry "HUN"]

1. e4 d6 2. d4 Nf6 3. Nc3 c6 4. Be3 Qa5 5. f3 e5 6. Qd2 Be7 7. 0-0-0 Nbd7 8. Kb1 a6 9. g4 b5 10. a3 Rb8 11. Nd5 Qxd2 12. Nxf6+ Nxf6 13. Rxd2 0-0 14. Ne2 a5 15. Nc1 Be6 16. Nd3 Nd7 17. Be2 Nb6 18. b3 exd4 19. Bxd4 c5 20. Be3 a4 21. Nc1 Nc4 22. Bxc4 bxc4 23. c3 axb3 24. Kb2 Ra8 25. Ne2 Ra7 26. Nf4 Bf6 27. Rxd6 Rxa3 28. Kxa3 Ra8+ 29. Kb2 Ra2+ 30. Kb1 g5 31. Nh5 Be7 32. Rd2 Ra6 33. Rhd1 h6 34. e5 1-0

[Event "HUN-chT2 Maroczy 0809"]
[Site "Hungary"]
[Date "2009.04.19"]
[Round "11"]
[White "Molnar, Balazs"]
[Black "Szurovszky, Elek"]
[Result "0-1"]
[WhiteElo "2170"]
[BlackElo "2116"]
[PlyCount "126"]
[EventDate "2008.10.26"]
[EventType "team-tourn"]
[EventRounds "11"]
[EventCountry "HUN"]
[SourceTitle "EXT 2010"]
[Source "ChessBase"]
[SourceDate "2010.11.25"]
[SourceVersion "1"]
[SourceVersionDate "2010.11.25"]
[SourceQuality "1"]
[WhiteTeam "Hajduboszormeny"]
[BlackTeam "Fuzesabony"]
[WhiteTeamCountry "HUN"]
[BlackTeamCountry "HUN"]

1. e4 e5 2. Nc3 Bc5 3. g3 d6 4. Bg2 a6 5. d3 Nc6 6. Nd5 Nge7 7. Be3 Bxe3 8. Nxe3 0-0 9. Nf3 d5 10. exd5 Nxd5 11. Qd2 Nxe3 12. fxe3 Qe7 13. 0-0 f5 14. Rae1 Be6 15. a3 Rad8 16. Qe2 Kh8 17. d4 e4 18. Nd2 b5 19. c4 bxc4 20. Nxc4 Rb8 21. Rc1 a5 22. Qd2 Rb5 23. Rc2 Rfb8 24. Qc1 Nd8 25. Rff2 c5 26. dxc5 Rxc5 27. Rc3 Rbc8 28. Rfc2 Rb8 29. Bf1 Nf7 30. Be2 Ng5 31. Kg2 h6 32. Nd2 Rxc3 33. Rxc3 Qb7 34. b3 Qf7 35. Rc7 Qf8 36. Qc3 Qf6 37. Qxf6 gxf6 38. Rc3 Rd8 39. Rc2 Nf7 40. Nc4 Bxc4 41. Bxc4 Ne5 42. Be2 Nd3 43. Bxd3 Rxd3 44. Rb2 Rxe3 45. b4 Rxa3 46. b5 Rd3 47. b6 Rd8 48. Rb5 Rb8 49. Rxa5 Rxb6 50. Rxf5 Rb2+ 51. Kf1 Kg7 52. Rf4 Rb4 53. g4 Kg6 54. h4 Rb1+ 55. Kf2 Rh1 56. g5 hxg5 57. hxg5 f5 58. Ke3 Kxg5 59. Rf2 Rh3+ 60. Ke2 f4 61. Rg2+ Kf5 62. Kf2 e3+ 63. Kg1 Rg3 0-1

[Event "HUN-chT2 Maroczy 0809"]
[Site "Hungary"]
[Date "2009.04.05"]
[Round "10"]
[White "Molnar, Balazs"]
[Black "Fodre, Sandor"]
[Result "1-0"]
[WhiteElo "2170"]
[BlackElo "2244"]
[PlyCount "90"]
[EventDate "2008.10.26"]
[EventType "team-tourn"]
[EventRounds "11"]
[EventCountry "HUN"]
[SourceTitle "EXT 2010"]
[Source "ChessBase"]
[SourceDate "2010.11.25"]
[SourceVersion "1"]
[SourceVersionDate "2010.11.25"]
[SourceQuality "1"]
[WhiteTeam "Hajduboszormeny"]
[BlackTeam "Matra"]
[WhiteTeamCountry "HUN"]
[BlackTeamCountry "HUN"]

1. e4 c5 2. Nc3 Nc6 3. g3 g6 4. Bg2 Bg7 5. d3 d6 6. f4 h5 7. Nf3 Bg4 8. h3 Bd7 9. Be3 Nd4 10. Bf2 Qb6 11. Nxd4 cxd4 12. Ne2 Rc8 13. c4 e5 14. Qd2 Nf6 15. b4 Bh6 16. 0-0 Qd8 17. Qb2 b6 18. fxe5 dxe5 19. Nxd4 Nxe4 20. Nf3 Nf6 21. Qxe5+ Kf8 22. Bd4 Bg7 23. Qd6+ Kg8 24. Rae1 Bf5 25. Qxd8+ Rxd8 26. Rd1 Ne8 27. Bxg7 Nxg7 28. d4 Be4 29. Nh4 Bf5 30. d5 Rc8 31. Rd4 Bd7 32. Rc1 g5 33. Nf3 Nf5 34. Rd2 f6 35. Kf2 g4 36. hxg4 hxg4 37. Nd4 Rh2 38. Nxf5 Bxf5 39. Kg1 Rh6 40. c5 Kg7 41. c6 Rhh8 42. d6 Rhd8 43. c7 Rd7 44. Bb7 Rf7 45. Bxc8 Bxc8 1-0

[Event "HUN-chT2 Maroczy 0809"]
[Site "Hungary"]
[Date "2008.10.26"]
[Round "1"]
[White "Papp, Abel"]
[Black "Molnar, Balazs"]
[Result "1/2-1/2"]
[WhiteElo "2214"]
[BlackElo "2170"]
[PlyCount "35"]
[EventDate "2008.10.26"]
[EventType "team-tourn"]
[EventRounds "11"]
[EventCountry "HUN"]
[SourceTitle "EXT 2010"]
[Source "ChessBase"]
[SourceDate "2010.11.25"]
[SourceVersion "1"]
[SourceVersionDate "2010.11.25"]
[SourceQuality "1"]
[WhiteTeam "Miskolc EMSE"]
[BlackTeam "Hajduboszormeny"]
[WhiteTeamCountry "HUN"]
[BlackTeamCountry "HUN"]

1. e4 d6 2. d4 Nf6 3. Nc3 c6 4. a4 Qc7 5. g3 e5 6. Nge2 Be7 7. Bg2 a5 8. 0-0 0-0 9. h3 Na6 10. Be3 Nb4 11. g4 Rd8 12. dxe5 dxe5 13. Qc1 Be6 14. b3 Nd7 15. Ng3 g6 16. Qd2 Bc5 17. Bxc5 Nxc5 18. Qe2 1/2-1/2

[Event "HUN-chT2 Maroczy 0708"]
[Site "Hungary"]
[Date "2007.12.16"]
[Round "5"]
[White "Molnar, Balazs"]
[Black "Hevesi, Zoltan"]
[Result "1-0"]
[WhiteElo "2151"]
[BlackElo "2132"]
[PlyCount "151"]
[EventDate "2007.10.14"]
[EventType "team"]
[EventRounds "11"]
[EventCountry "HUN"]
[SourceTitle "EXT 2009"]
[Source "ChessBase"]
[SourceDate "2008.11.26"]
[SourceVersion "1"]
[SourceVersionDate "2008.11.26"]
[SourceQuality "1"]
[WhiteTeam "Hajduboszormeny"]
[BlackTeam "Fuzesabony"]
[WhiteTeamCountry "HUN"]
[BlackTeamCountry "HUN"]

1. e4 c6 2. Nf3 d5 3. exd5 cxd5 4. Ne5 Nc6 5. Bb5 Bd7 6. Nxd7 Qxd7 7. d4 g6 8. c3 Bg7 9. Nd2 Nf6 10. 0-0 0-0 11. Nf3 a6 12. Bd3 Rad8 13. h3 Qc7 14. Re1 Nh5 15. Be3 Nf4 16. Bf1 Ne6 17. Qc1 Rfe8 18. Bh6 Bxh6 19. Qxh6 Qf4 20. Qxf4 Nxf4 21. g3 Ne6 22. Ne5 Nxe5 23. Rxe5 Nc7 24. Rae1 e6 25. f4 Rd6 26. g4 Rb6 27. R1e2 Rd8 28. Bg2 Rdd6 29. Kf2 Rb5 30. Rd2 Ne8 31. f5 Nf6 32. fxe6 fxe6 33. Kg3 Rbb6 34. Rf2 Kg7 35. Re3 Rd7 36. Kh4 h6 37. Kg3 Rf7 38. Ree2 Nd7 39. Rxf7+ Kxf7 40. Rf2+ Ke7 41. Kh4 Rc6 42. Bf1 Nf6 43. Bd3 g5+ 44. Kg3 Rc8 45. Re2 Kd6 46. Rxe6+ Kxe6 47. Bf5+ Kd6 48. Bxc8 Ne4+ 49. Kf3 Kc7 50. Bf5 Nd2+ 51. Ke2 Nc4 52. b3 Nd6 53. Bg6 b5 54. Kd3 Kc6 55. Bh7 Ne8 56. c4 bxc4+ 57. bxc4 Nf6 58. Bf5 h5 59. Be6 dxc4+ 60. Kxc4 h4 61. d5+ Kd6 62. Kd4 Ne8 63. Ke4 Ng7 64. Bg8 a5 65. a4 Ke7 66. Ke5 Ne8 67. Kf5 Nd6+ 68. Kxg5 Ne4+ 69. Kxh4 Nc3 70. d6+ Kxd6 71. Bb3 Ke7 72. Kg5 Ne4+ 73. Kf5 Nc5 74. Bd1 Kf7 75. h4 Kg7 76. Ke5 1-0